| 000 | 00764nam a22002177a 4500 | ||
|---|---|---|---|
| 999 |
_c19922 _d19922 |
||
| 003 | AR-CdUCM | ||
| 008 | 190523b ||||| |||| 00| 0 spa d | ||
| 040 |
_aMUNICIPALIDAD PROVINCIAL DEL CUSCO _cBIBLIOTECA MUNICIPAL DEL CUSCO |
||
| 082 |
_a150.13 / _bW24 |
||
| 100 |
_aWallon, Henrry _941637 |
||
| 245 | _aPsicologia Aplicada / | ||
| 260 |
_aBuenos Aires : _bFuturo, _c1946. |
||
| 300 |
_a230 páginas _c24 cm. |
||
| 505 | _aContenido: Las condiciones fisiológicas del trabajo -- Los efectos psíquicos del trabajo -- Las curvas del trabajo... | ||
| 650 |
_aPsicología _91538 |
||
| 650 |
_aEnergía _915841 |
||
| 650 |
_aActividad mental _941638 |
||
| 700 |
_aMartínez, Yolanda (Traducción) _941639 |
||
| 942 |
_2ddc _cLIBROS |
||
| 945 |
_aJavier _d2019-05-23 |
||